000 00650cam a22002051 4500
001 ne 63001469
003 DLC
005 20260227111748.0
008 820126q19601969ua a 000 1 arar
010 _ane 63001469
035 _a(OCoLC)8095095
040 _aDLC
_cTU
_dTU
_dDLC
050 0 0 _aPZ90.A7
_bA74
100 1 _aʻAshrī, ʻAbd al-Salām,
_cwriter for children.
245 1 0 _aFarṭ al-rummān,
_cbi-qalam ʻAbd al-Salām al-ʻAshrī.
260 _aal-Qāhirah,
_bMaktabat al-Qāhirah al-Ḥadīthah
_c[196-]
300 _a159 p.
_billus.
_c19 cm.
490 0 _aAṭfālī al-aʻizzāʼ, Qiṣaṣ waṭanīyah.
500 _aText vocalized.
999 _c46106
_d46106